<?xml version="1.0" encoding="UTF-8"?><?xml-stylesheet type="text/xsl" href="static/style.xsl"?><OAI-PMH xmlns="http://www.openarchives.org/OAI/2.0/" xmlns:xsi="http://www.w3.org/2001/XMLSchema-instance" xsi:schemaLocation="http://www.openarchives.org/OAI/2.0/ http://www.openarchives.org/OAI/2.0/OAI-PMH.xsd"><responseDate>2026-04-17T12:20:38Z</responseDate><request verb="GetRecord" identifier="oai:riubu.ubu.es:10259/7045" metadataPrefix="marc">https://riubu.ubu.es/oai/request</request><GetRecord><record><header><identifier>oai:riubu.ubu.es:10259/7045</identifier><datestamp>2024-05-17T09:34:45Z</datestamp><setSpec>com_10259.4_104</setSpec><setSpec>com_10259_2604</setSpec><setSpec>col_10259_6848</setSpec></header><metadata><record xmlns="http://www.loc.gov/MARC21/slim" xmlns:doc="http://www.lyncode.com/xoai" xmlns:xsi="http://www.w3.org/2001/XMLSchema-instance" xmlns:dcterms="http://purl.org/dc/terms/" xsi:schemaLocation="http://www.loc.gov/MARC21/slim http://www.loc.gov/standards/marcxml/schema/MARC21slim.xsd">
<leader>00925njm 22002777a 4500</leader>
<datafield tag="042" ind1=" " ind2=" ">
<subfield code="a">dc</subfield>
</datafield>
<datafield tag="720" ind1=" " ind2=" ">
<subfield code="a">Romea, Guillem</subfield>
<subfield code="e">author</subfield>
</datafield>
<datafield tag="720" ind1=" " ind2=" ">
<subfield code="a">Estrada, Miquel</subfield>
<subfield code="e">author</subfield>
</datafield>
<datafield tag="260" ind1=" " ind2=" ">
<subfield code="c">2021-07</subfield>
</datafield>
<datafield tag="520" ind1=" " ind2=" ">
<subfield code="a">One of the main complaints about the performance of the bus systems is the time lost at&#xd;
recurrent stops along the route, that results in a low bus speed service. Among the potential&#xd;
measures to speed up the bus service, the introduction of the Autonomous Driving Modular&#xd;
Bus, able to adjust the transport unit by coupling or decoupled pods, will represent a new&#xd;
paradigm in the provision of service. This concept is able to maintain high stable cruising&#xd;
speeds to the transport unit, decoupling only one pod with passengers that may alight at the&#xd;
next stop. This paper analyze the potentialities of this concept in terms of user travel times&#xd;
and operationg cost. This work also features the formulation and analytical models to&#xd;
calculate the performance and oeprational variables, implementing them into two existing&#xd;
bus lines in Barcelona.</subfield>
</datafield>
<datafield tag="024" ind2=" " ind1="8">
<subfield code="a">978-84-18465-12-3</subfield>
</datafield>
<datafield tag="024" ind2=" " ind1="8">
<subfield code="a">http://hdl.handle.net/10259/7045</subfield>
</datafield>
<datafield tag="024" ind2=" " ind1="8">
<subfield code="a">10.36443/10259/7045</subfield>
</datafield>
<datafield ind1=" " ind2=" " tag="653">
<subfield code="a">Transporte público</subfield>
</datafield>
<datafield ind1=" " ind2=" " tag="653">
<subfield code="a">Vehículos autónomos</subfield>
</datafield>
<datafield ind1=" " ind2=" " tag="653">
<subfield code="a">Public transport</subfield>
</datafield>
<datafield ind1=" " ind2=" " tag="653">
<subfield code="a">Autonomous vehicles</subfield>
</datafield>
<datafield tag="245" ind1="0" ind2="0">
<subfield code="a">Analysis of an Autonomous Driving Modular Bus System</subfield>
</datafield>
</record></metadata></record></GetRecord></OAI-PMH>